00568nam a22001697a 450000500170000001000150001702000260003203500140005803700130007208200120008510000200009724500980011726000450021527000650026030000230032550000500034820190621145532.0 aENG-125704 a9780199489893c995.00 aEN-109236 bDBAD/PUB a303.695 aJacob, Happymon aLine on fire :cHappymon Jacobbceasefire violations and India-Pakistan escalation dynamics / aNew DelhibOxford university pressc2018 a2/11, Ground Floor, Ansai Road, DaryaganjbNew Delhie110002 axx,401p.c22cm(Hb) aIncludes bibliographical references and index